[Event "23. Torneo Magistral de Elgoibar"]
[Site "Elgoibar ESP"]
[Date "2013.12.15"]
[Round "1.1"]
[White "Arribas Lopez, Angel"]
[Black "Franco Alonso, Alejandro"]
[Result "0-1"]
[WhiteElo "2488"]
[BlackElo "2485"]
[PlyCount "108"]
[EventDate "2013.12.15"]
[EventType "tourn"]
[EventRounds "9"]
[EventCountry "ESP"]
[EventCategory "9"]
[Source "lmi"]
[SourceDate "2013.12.15"]

1. e4 e5 2. Nf3 Nf6 3. Nxe5 d6 4. Nf3 Nxe4 5. Nc3 Nxc3 6. dxc3 Be7 7. Bf4 Nc6
8. Qd2 Be6 9. Ng5 Bxg5 10. Bxg5 Qd7 11. O-O-O f6 12. Bf4 a6 13. h4 O-O-O 14. h5
Kb8 15. h6 g5 16. Bg3 Qf7 17. Be2 Bf5 18. b3 Rhe8 19. c4 Re7 20. Bh5 Bg6 21.
Bf3 Be4 22. Bh5 Bg6 23. Bf3 Be4 24. Qc3 Bxf3 25. gxf3 Re2 26. c5 d5 27. Qd3
Rde8 28. a3 f5 29. Qxd5 Qf6 30. Kb1 f4 31. Bh2 Qc3 32. Qd3 Qxd3 33. Rxd3 Re1+
34. Rd1 Rxd1+ 35. Rxd1 Re6 36. Bg1 Rxh6 37. Rd5 Rh5 38. c4 h6 39. Kc2 Rh1 40.
b4 Rxg1 41. b5 Ne7 42. Rd8+ Nc8 43. Rh8 Rf1 44. Kd3 Rxf2 45. Ke4 Re2+ 46. Kf5
axb5 47. cxb5 Rc2 48. a4 Rxc5+ 49. Kg4 c6 50. Rxh6 cxb5 51. axb5 Rxb5 52. Rg6
Rc5 53. Rxg5 Rxg5+ 54. Kxg5 Kc7 0-1

[Event "23. Torneo Magistral de Elgoibar"]
[Site "Elgoibar ESP"]
[Date "2013.12.15"]
[Round "1.2"]
[White "Cruz, Cristhian"]
[Black "Barrenechea Bahamonde, Gustavo"]
[Result "1-0"]
[WhiteElo "2549"]
[BlackElo "2221"]
[PlyCount "65"]
[EventDate "2013.12.15"]
[EventType "tourn"]
[EventRounds "9"]
[EventCountry "ESP"]
[EventCategory "9"]
[Source "lmi"]
[SourceDate "2013.12.15"]

1. c4 e6 2. d4 d5 3. Nc3 c5 4. cxd5 exd5 5. Nf3 Nc6 6. e3 Nf6 7. Be2 cxd4 8.
exd4 Bd6 9. Bg5 Be6 10. O-O O-O 11. Re1 Rc8 12. Rc1 h6 13. Bh4 Bf4 14. Rb1 Bd6
15. a3 Na5 16. Ne5 Bxa3 17. Bxf6 gxf6 18. Ng4 Bd6 19. Bd3 Kg7 20. Ne3 Rh8 21.
Ncxd5 Bb8 22. Ne7 Qc7 23. g3 Rce8 24. N7f5+ Kf8 25. Qg4 Bxf5 26. Nxf5 Rxe1+ 27.
Rxe1 Rg8 28. Re8+ Kxe8 29. Qxg8+ Kd7 30. Qxf7+ Kc8 31. Ne7+ Kd8 32. Qf8+ Kd7
33. Bf5+ 1-0

[Event "23. Torneo Magistral de Elgoibar"]
[Site "Elgoibar ESP"]
[Date "2013.12.15"]
[Round "1.4"]
[White "Alsina Leal, Daniel"]
[Black "Strikovic, Aleksa"]
[Result "1/2-1/2"]
[WhiteElo "2542"]
[BlackElo "2529"]
[PlyCount "102"]
[EventDate "2013.12.15"]
[EventType "tourn"]
[EventRounds "9"]
[EventCountry "ESP"]
[EventCategory "9"]
[Source "lmi"]
[SourceDate "2013.12.15"]

1. e4 d6 2. d4 Nf6 3. Nc3 e5 4. Nf3 Nbd7 5. Bc4 exd4 6. Qxd4 Nb6 7. e5 Qe7 8.
O-O dxe5 9. Nxe5 Nxc4 10. Nxc4 Be6 11. b3 Qc5 12. Qd3 Be7 13. Ba3 Qh5 14. Nb5
Rc8 15. Bxe7 Kxe7 16. Nd4 Rhd8 17. Rae1 c5 18. Nxe6 fxe6 19. Qe3 Qf5 20. Re2
Nd5 21. Qg3 Kf8 22. Re5 Qf6 23. f4 Kg8 24. h3 Ne7 25. Rfe1 Ng6 26. Rxe6 Qxf4
27. Qxf4 Nxf4 28. Re7 b5 29. Ne3 Rd2 30. Rd1 Rxd1+ 31. Nxd1 a6 32. Ne3 Rd8 33.
Nf5 Rd5 34. g4 Kf8 35. Ra7 g6 36. Ne3 Nxh3+ 37. Kg2 Re5 38. Kf3 Re6 39. Nd5 h5
40. gxh5 gxh5 41. Rc7 Rg6 42. Rxc5 h4 43. Rc7 Ng5+ 44. Kf2 h3 45. Rc8+ Kg7 46.
Kg3 Rh6 47. Rc7+ Kf8 48. Rc8+ Kf7 49. Rc7+ Ke8 50. Re7+ Kd8 51. Re1 Kd7 1/2-1/2

[Event "23. Torneo Magistral de Elgoibar"]
[Site "Elgoibar ESP"]
[Date "2013.12.15"]
[Round "1.5"]
[White "Astasio Lopez, David"]
[Black "Romanishin, Oleg M"]
[Result "1-0"]
[WhiteElo "2397"]
[BlackElo "2495"]
[PlyCount "59"]
[EventDate "2013.12.15"]
[EventType "tourn"]
[EventRounds "9"]
[EventCountry "ESP"]
[EventCategory "9"]
[Source "lmi"]
[SourceDate "2013.12.15"]

1. d4 Nf6 2. Nf3 g6 3. Nbd2 d5 4. e3 Bg7 5. b4 O-O 6. Be2 c6 7. c4 a5 8. b5 c5
9. Bb2 Nbd7 10. O-O b6 11. Ne5 Bb7 12. Bf3 e6 13. cxd5 exd5 14. dxc5 Nxc5 15.
Nb3 Qe8 16. Nxc5 bxc5 17. Rb1 Rc8 18. Nc4 Qe6 19. Nxa5 Ba8 20. Bxf6 Qxf6 21. b6
Qc3 22. Qa4 d4 23. b7 Bxb7 24. Bxb7 Rc7 25. Rfc1 Qd3 26. Qc2 Qxc2 27. Rxc2 d3
28. Rc4 Rb8 29. Kf1 Bf6 30. Rb3 1-0

[Event "23. Torneo Magistral de Elgoibar"]
[Site "Elgoibar ESP"]
[Date "2013.12.16"]
[Round "2.1"]
[White "Franco Alonso, Alejandro"]
[Black "Romanishin, Oleg M"]
[Result "1/2-1/2"]
[WhiteElo "2485"]
[BlackElo "2495"]
[PlyCount "44"]
[EventDate "2013.12.15"]
[EventType "tourn"]
[EventRounds "9"]
[EventCountry "ESP"]
[EventCategory "9"]
[Source "lmi"]
[SourceDate "2013.12.15"]

1. d4 Nf6 2. c4 e6 3. Nc3 Bb4 4. e3 O-O 5. Bd3 c5 6. Nge2 d5 7. O-O cxd4 8.
exd4 dxc4 9. Bxc4 Nc6 10. a3 Be7 11. Be3 b6 12. Nf4 Bb7 13. Ba2 Bd6 14. d5 exd5
15. Nfxd5 Nxd5 16. Bxd5 Be5 17. Rc1 Rc8 18. h3 Rc7 19. Be4 Rd7 20. Qc2 Qh4 21.
Qa4 Nb8 22. Bxb7 Qxa4 1/2-1/2

[Event "23. Torneo Magistral de Elgoibar"]
[Site "Elgoibar ESP"]
[Date "2013.12.16"]
[Round "2.2"]
[White "Strikovic, Aleksa"]
[Black "Astasio Lopez, David"]
[Result "1-0"]
[WhiteElo "2529"]
[BlackElo "2397"]
[PlyCount "116"]
[EventDate "2013.12.15"]
[EventType "tourn"]
[EventRounds "9"]
[EventCountry "ESP"]
[EventCategory "9"]
[Source "lmi"]
[SourceDate "2013.12.15"]

1. e4 c5 2. Nf3 e6 3. c3 Nf6 4. e5 Nd5 5. d4 cxd4 6. cxd4 Nc6 7. Bc4 d6 8. O-O
Be7 9. Qe2 O-O 10. Rd1 Na5 11. Bxd5 exd5 12. Nc3 Be6 13. Bf4 a6 14. Rac1 Rc8
15. h3 b5 16. exd6 Bxd6 17. Bxd6 Qxd6 18. Ne5 f6 19. Nd3 Nc6 20. Qe3 Rfe8 21.
Qf4 Qe7 22. Re1 Qa7 23. Qd6 Nxd4 24. Nxd5 Rcd8 25. Qc7 Qa8 26. Ne7+ Kf8 27. Nc6
Nf3+ 28. gxf3 Rxd3 29. Nd4 Bxh3 30. Kh2 Rxe1 31. Rxe1 Qc8 32. Qe7+ Kg8 33. Rg1
Qf8 34. Qe4 Rxd4 35. Qxd4 Be6 36. Re1 Qe8 37. Qh4 h6 38. a3 Qd7 39. Qe4 Kf7 40.
Kg1 Qd6 41. Re3 Qd1+ 42. Kg2 Qd6 43. Rd3 Qc5 44. Qf4 Qh5 45. Rc3 Qh3+ 46. Kg1
Bc4 47. Rc1 Kf8 48. Qg4 Qxg4+ 49. fxg4 Kf7 50. Re1 g5 51. Kg2 Kg6 52. b4 f5 53.
gxf5+ Kxf5 54. Re7 h5 55. Ra7 Bd5+ 56. Kg1 Bc4 57. Rxa6 Bb3 58. Rc6 Ba4 1-0

[Event "23. Torneo Magistral de Elgoibar"]
[Site "Elgoibar ESP"]
[Date "2013.12.16"]
[Round "2.3"]
[White "Ringoir, Tanguy"]
[Black "Alsina Leal, Daniel"]
[Result "1/2-1/2"]
[WhiteElo "2506"]
[BlackElo "2542"]
[PlyCount "77"]
[EventDate "2013.12.15"]
[EventType "tourn"]
[EventRounds "9"]
[EventCountry "ESP"]
[EventCategory "9"]
[Source "lmi"]
[SourceDate "2013.12.15"]

1. d4 d5 2. c4 c6 3. Nf3 Nf6 4. Nc3 a6 5. cxd5 cxd5 6. Bf4 Nc6 7. Rc1 Bf5 8. e3
Rc8 9. Ne5 Nxe5 10. dxe5 Ne4 11. Bd3 e6 12. Bxe4 dxe4 13. Qa4+ Qd7 14. Ke2 Qxa4
15. Nxa4 Rb8 16. Nb6 Bg6 17. Rhd1 Be7 18. Nc8 Bh5+ 19. f3 g5 20. Bg3 exf3+ 21.
gxf3 Bd8 22. Nd6+ Kf8 23. Nxb7 Rxb7 24. Rxd8+ Kg7 25. Rd2 Rhb8 26. b3 a5 27.
Rc4 Rb4 28. Rdd4 Bg6 29. e4 h5 30. h4 g4 31. fxg4 hxg4 32. Ke3 Rxc4 33. Rxc4
Kh6 34. Bf4+ Kh5 35. Bg5 Bh7 36. Kf4 Rb7 37. Ke3 Rb8 38. Bf6 Rg8 39. Bg5
1/2-1/2

[Event "23. Torneo Magistral de Elgoibar"]
[Site "Elgoibar ESP"]
[Date "2013.12.16"]
[Round "2.4"]
[White "Barrenechea Bahamonde, Gustavo"]
[Black "Paunovic, Dragan"]
[Result "0-1"]
[WhiteElo "2221"]
[BlackElo "2500"]
[PlyCount "36"]
[EventDate "2013.12.15"]
[EventType "tourn"]
[EventRounds "9"]
[EventCountry "ESP"]
[EventCategory "9"]
[Source "lmi"]
[SourceDate "2013.12.15"]

1. e4 d6 2. d4 Nf6 3. Nc3 e5 4. Nf3 Nbd7 5. g4 Nxg4 6. Rg1 Ngf6 7. Be3 c6 8.
Qd2 g6 9. O-O-O Qe7 10. dxe5 dxe5 11. Nh4 Nh5 12. Bg5 Ndf6 13. f4 h6 14. fxe5
hxg5 15. exf6 Nxf6 16. Nf3 g4 17. e5 Bh6 18. Ng5 Nh7 0-1

[Event "23. Torneo Magistral de Elgoibar"]
[Site "Elgoibar ESP"]
[Date "2013.12.16"]
[Round "2.5"]
[White "Arribas Lopez, Angel"]
[Black "Cruz, Cristhian"]
[Result "0-1"]
[WhiteElo "2488"]
[BlackElo "2549"]
[PlyCount "46"]
[EventDate "2013.12.15"]
[EventType "tourn"]
[EventRounds "9"]
[EventCountry "ESP"]
[EventCategory "9"]
[Source "lmi"]
[SourceDate "2013.12.15"]

1. e4 e6 2. d4 d5 3. Bd3 c5 4. e5 Nc6 5. Nf3 cxd4 6. O-O Nge7 7. Re1 Ng6 8. a3
a5 9. g3 f6 10. exf6 gxf6 11. Nh4 Nxh4 12. Qh5+ Kd7 13. Qxh4 Kc7 14. c3 e5 15.
Bb5 Bc5 16. Bh6 Rg8 17. Rc1 Rg4 18. Qh5 Qg8 19. Nd2 Qg6 20. Qxg6 Rxg6 21. Nb3
Bd6 22. Bd2 a4 23. c4 dxc4 0-1

[Event "23. Torneo Magistral de Elgoibar"]
[Site "Elgoibar ESP"]
[Date "2013.12.16"]
[Round "3.1"]
[White "Cruz, Cristhian"]
[Black "Franco Alonso, Alejandro"]
[Result "1/2-1/2"]
[WhiteElo "2549"]
[BlackElo "2485"]
[PlyCount "46"]
[EventDate "2013.12.15"]
[EventType "tourn"]
[EventRounds "9"]
[EventCountry "ESP"]
[EventCategory "9"]
[Source "lmi"]
[SourceDate "2013.12.15"]

1. d4 d5 2. c4 dxc4 3. e3 e5 4. Bxc4 exd4 5. exd4 Nf6 6. Nf3 Bd6 7. O-O O-O 8.
h3 h6 9. Re1 Nc6 10. a3 Bf5 11. Nc3 a6 12. d5 Ne7 13. Be3 Bh7 14. b4 Re8 15.
Bc5 Nf5 16. Qd2 Rxe1+ 17. Rxe1 Qf8 18. Bxd6 Nxd6 19. Bd3 Bxd3 20. Qxd3 Re8 21.
Rc1 Rd8 22. Nd2 Nc8 23. Qg3 Ne8 1/2-1/2

[Event "23. Torneo Magistral de Elgoibar"]
[Site "Elgoibar ESP"]
[Date "2013.12.16"]
[Round "3.2"]
[White "Paunovic, Dragan"]
[Black "Arribas Lopez, Angel"]
[Result "1-0"]
[WhiteElo "2500"]
[BlackElo "2488"]
[PlyCount "83"]
[EventDate "2013.12.15"]
[EventType "tourn"]
[EventRounds "9"]
[EventCountry "ESP"]
[EventCategory "9"]
[Source "lmi"]
[SourceDate "2013.12.15"]

1. d4 d5 2. Nf3 Nc6 3. Bf4 Nf6 4. e3 Nh5 5. c3 g6 6. Bg5 f6 7. Bh4 Ng7 8. Bg3
Nh5 9. Bd3 Bg4 10. Nbd2 e5 11. dxe5 fxe5 12. e4 Nxg3 13. hxg3 d4 14. Bb5 Bg7
15. Qb3 Qe7 16. O-O Bd7 17. Rac1 a6 18. Bxc6 Bxc6 19. cxd4 exd4 20. e5 Rd8 21.
Rfe1 Qf7 22. Qa3 Qe7 23. Qb3 Bh6 24. Rxc6 bxc6 25. Ne4 d3 26. Qc4 d2 27. Qxc6+
Kf7 28. Rd1 Kg7 29. g4 Kf8 30. g5 Bg7 31. Nf6 a5 32. Qc2 Kf7 33. Qc4+ Kf8 34.
a3 Bxf6 35. gxf6 Qf7 36. Qc5+ Kg8 37. Qxa5 h6 38. Rxd2 Kh7 39. e6 Qxf6 40.
Qxc7+ Qg7 41. Rd7 Rxd7 42. exd7 1-0

[Event "23. Torneo Magistral de Elgoibar"]
[Site "Elgoibar ESP"]
[Date "2013.12.16"]
[Round "3.3"]
[White "Alsina Leal, Daniel"]
[Black "Barrenechea Bahamonde, Gustavo"]
[Result "1-0"]
[WhiteElo "2542"]
[BlackElo "2221"]
[PlyCount "61"]
[EventDate "2013.12.15"]
[EventType "tourn"]
[EventRounds "9"]
[EventCountry "ESP"]
[EventCategory "9"]
[Source "lmi"]
[SourceDate "2013.12.15"]

1. e4 Nf6 2. e5 Nd5 3. d4 d6 4. Nf3 Nb6 5. a4 a5 6. exd6 cxd6 7. d5 Na6 8. Ng5
h6 9. Bb5+ Bd7 10. Ne6 Qc8 11. Nxf8 Bxb5 12. axb5 Nb4 13. Na3 Kxf8 14. O-O
N4xd5 15. c4 Nf6 16. Be3 Nbd7 17. Bd4 h5 18. Re1 Nc5 19. Qe2 Qe6 20. Qc2 Qg4
21. Bxc5 dxc5 22. b6 Rh6 23. Nb5 Ne8 24. h3 Qd7 25. Qe2 e6 26. Qf3 Ra6 27. Rad1
Qe7 28. Nc7 Nxc7 29. Qxb7 Rxb6 30. Qxb6 Ne8 31. Re5 1-0

[Event "23. Torneo Magistral de Elgoibar"]
[Site "Elgoibar ESP"]
[Date "2013.12.16"]
[Round "3.4"]
[White "Astasio Lopez, David"]
[Black "Ringoir, Tanguy"]
[Result "1/2-1/2"]
[WhiteElo "2397"]
[BlackElo "2506"]
[PlyCount "41"]
[EventDate "2013.12.15"]
[EventType "tourn"]
[EventRounds "9"]
[EventCountry "ESP"]
[EventCategory "9"]
[Source "lmi"]
[SourceDate "2013.12.15"]

1. d4 Nf6 2. Nf3 g6 3. Nbd2 c5 4. dxc5 Qa5 5. a3 Qxc5 6. b4 Qc7 7. Bb2 Bg7 8.
e3 O-O 9. c4 d6 10. Be2 b6 11. O-O Bb7 12. Qb3 Nbd7 13. h3 Rac8 14. Rac1 Qb8
15. Bd4 Rc7 16. Rfd1 Rfc8 17. Qb2 Qa8 18. Bf1 Qb8 19. Be2 Qa8 20. Bf1 Qb8 21.
Be2 1/2-1/2

[Event "23. Torneo Magistral de Elgoibar"]
[Site "Elgoibar ESP"]
[Date "2013.12.16"]
[Round "3.5"]
[White "Romanishin, Oleg M"]
[Black "Strikovic, Aleksa"]
[Result "1/2-1/2"]
[WhiteElo "2495"]
[BlackElo "2529"]
[PlyCount "37"]
[EventDate "2013.12.15"]
[EventType "tourn"]
[EventRounds "9"]
[EventCountry "ESP"]
[EventCategory "9"]
[Source "lmi"]
[SourceDate "2013.12.15"]

1. d4 d6 2. g3 Nf6 3. Nf3 g6 4. Bg2 Bg7 5. O-O O-O 6. a4 Na6 7. a5 c5 8. Nc3
Bd7 9. e4 cxd4 10. Nxd4 Nb4 11. h3 Nc6 12. a6 Qc8 13. axb7 Qxb7 14. Nb3 Rfc8
15. Be3 Qc7 16. f4 Rab8 17. Bf2 a5 18. Re1 Be6 19. Nd5 1/2-1/2

[Event "23. Torneo Magistral de Elgoibar"]
[Site "Elgoibar ESP"]
[Date "2013.12.17"]
[Round "4.1"]
[White "Franco Alonso, Alejandro"]
[Black "Strikovic, Aleksa"]
[Result "1/2-1/2"]
[WhiteElo "2485"]
[BlackElo "2529"]
[PlyCount "81"]
[EventDate "2013.12.15"]
[EventType "tourn"]
[EventRounds "9"]
[EventCountry "ESP"]
[EventCategory "9"]
[Source "lmi"]
[SourceDate "2013.12.15"]

1. d4 Nf6 2. c4 g6 3. Nc3 Bg7 4. e4 d6 5. Nf3 O-O 6. h3 c5 7. d5 e6 8. Bd3 Na6
9. O-O Nc7 10. Re1 Bd7 11. a3 Rb8 12. Rb1 exd5 13. cxd5 b5 14. Bf4 Rb6 15. b4
c4 16. Bc2 Ng4 17. Qd2 Ne5 18. Nxe5 Bxe5 19. Bxe5 dxe5 20. a4 a6 21. Qe3 Qb8
22. Qc5 Ne8 23. axb5 Bxb5 24. Ra1 Nd6 25. f4 f6 26. fxe5 fxe5 27. Rf1 Bd7 28.
Rxf8+ Kxf8 29. Rf1+ Kg7 30. Qf2 Qd8 31. Ba4 Bc8 32. Be8 Bf5 33. exf5 Nxe8 34.
fxg6 Rf6 35. Qa7+ Kxg6 36. Rxf6+ Qxf6 37. Ne4 Qf4 38. Qxa6+ Kf5 39. Qxc4 Qxe4
40. Qc8+ Kf4 41. Qxe8 1/2-1/2

[Event "23. Torneo Magistral de Elgoibar"]
[Site "Elgoibar ESP"]
[Date "2013.12.17"]
[Round "4.2"]
[White "Ringoir, Tanguy"]
[Black "Romanishin, Oleg M"]
[Result "1/2-1/2"]
[WhiteElo "2506"]
[BlackElo "2495"]
[PlyCount "51"]
[EventDate "2013.12.15"]
[EventType "tourn"]
[EventRounds "9"]
[EventCountry "ESP"]
[EventCategory "9"]
[Source "lmi"]
[SourceDate "2013.12.15"]

1. c4 e5 2. g3 Nf6 3. Bg2 c6 4. d4 Bb4+ 5. Bd2 Bxd2+ 6. Qxd2 d6 7. Nc3 O-O 8.
e3 Be6 9. Rd1 Na6 10. b3 exd4 11. Qxd4 Nb4 12. Qd2 Qa5 13. Nge2 d5 14. cxd5
Nbxd5 15. Nxd5 Qxd2+ 16. Rxd2 Bxd5 17. f3 Rad8 18. Kf2 Ng4+ 19. fxg4 Bxg2 20.
Rxd8 Bxh1 21. Rd1 Bd5 22. Nf4 Be4 23. Rd7 g5 24. Nd3 Bxd3 25. Rxd3 f6 26. h4
1/2-1/2

[Event "23. Torneo Magistral de Elgoibar"]
[Site "Elgoibar ESP"]
[Date "2013.12.17"]
[Round "4.3"]
[White "Barrenechea Bahamonde, Gustavo"]
[Black "Astasio Lopez, David"]
[Result "0-1"]
[WhiteElo "2221"]
[BlackElo "2397"]
[PlyCount "94"]
[EventDate "2013.12.15"]
[EventType "tourn"]
[EventRounds "9"]
[EventCountry "ESP"]
[EventCategory "9"]
[Source "lmi"]
[SourceDate "2013.12.15"]

1. e4 c5 2. d4 cxd4 3. c3 Nf6 4. e5 Nd5 5. Qxd4 e6 6. Nf3 Nc6 7. Qe4 d6 8. c4
Ndb4 9. exd6 Bxd6 10. Nc3 O-O 11. a3 f5 12. Qb1 Na6 13. Be2 e5 14. Qa2 Be7 15.
O-O Nc7 16. Rd1 Qe8 17. Nd5 Ne6 18. b4 e4 19. Ne1 Ncd4 20. c5 Nxe2+ 21. Qxe2
Bd7 22. Qc4 Kh8 23. Bb2 Bg5 24. Nc2 Ba4 25. Be5 Rd8 26. Bd6 Rf7 27. Rab1 Bb5
28. Qc3 Bd3 29. Rxd3 exd3 30. Qxd3 Nf4 31. Nxf4 Bxf4 32. Re1 Re7 33. Rxe7 Qxe7
34. Qxf5 Bxd6 35. cxd6 Qxd6 36. h3 Qd7 37. Qg5 Qd5 38. Qh4 g5 39. Qh6 Qd1+ 40.
Kh2 Qd6+ 41. Qxd6 Rxd6 42. Kg3 Kg7 43. Ne3 Kf6 44. f3 Rd3 45. Nc4 Rc3 46. Nd6
Rxa3 47. Nxb7 Rb3 0-1

[Event "23. Torneo Magistral de Elgoibar"]
[Site "Elgoibar ESP"]
[Date "2013.12.17"]
[Round "4.4"]
[White "Arribas Lopez, Angel"]
[Black "Alsina Leal, Daniel"]
[Result "0-1"]
[WhiteElo "2488"]
[BlackElo "2542"]
[PlyCount "46"]
[EventDate "2013.12.15"]
[EventType "tourn"]
[EventRounds "9"]
[EventCountry "ESP"]
[EventCategory "9"]
[Source "lmi"]
[SourceDate "2013.12.15"]

1. c4 c6 2. Nf3 d5 3. e3 Nf6 4. Nc3 e6 5. b3 Bd6 6. Bb2 O-O 7. Qc2 e5 8. cxd5
cxd5 9. Nb5 Nc6 10. Nxd6 Qxd6 11. d4 Nb4 12. Qd1 e4 13. Ne5 Bf5 14. a3 Nc6 15.
g4 Be6 16. Bb5 Nd7 17. Bxc6 Nxe5 18. dxe5 Qxc6 19. Qe2 Rfc8 20. Bd4 Rc7 21. h3
Rac8 22. Rd1 Qd7 23. Bb2 Rc2 0-1

[Event "23. Torneo Magistral de Elgoibar"]
[Site "Elgoibar ESP"]
[Date "2013.12.17"]
[Round "4.5"]
[White "Cruz, Cristhian"]
[Black "Paunovic, Dragan"]
[Result "1/2-1/2"]
[WhiteElo "2549"]
[BlackElo "2500"]
[PlyCount "84"]
[EventDate "2013.12.15"]
[EventType "tourn"]
[EventRounds "9"]
[EventCountry "ESP"]
[EventCategory "9"]
[Source "lmi"]
[SourceDate "2013.12.15"]

1. d4 d6 2. Nf3 Nf6 3. c4 g6 4. Nc3 Bg7 5. e4 O-O 6. Be2 e5 7. O-O c6 8. Qc2
Nbd7 9. d5 c5 10. Bg5 h6 11. Bd2 Nh7 12. g3 Ndf6 13. Nh4 Ng5 14. Kh1 Bh3 15.
Rfe1 Bd7 16. f3 Nh5 17. Nd1 Nh3 18. Bf1 N3f4 19. Be3 Bf6 20. Ng2 Nxg2 21. Qxg2
Bg5 22. Bf2 f5 23. exf5 gxf5 24. Be2 Ng7 25. Nc3 Kh8 26. Bd3 Rg8 27. Ne2 Ne8
28. Qh3 f4 29. Bf5 Bxf5 30. Qxf5 fxg3 31. hxg3 Ng7 32. Qd3 Qf6 33. Kg2 Nf5 34.
Rh1 Raf8 35. Qe4 Nd4 36. Nxd4 cxd4 37. Rae1 Bd2 38. Re2 Bg5 39. Qd3 Qg6 40.
Qxg6 Rxg6 41. Re4 Kg7 42. Rg4 Rc8 1/2-1/2

[Event "23. Torneo Magistral de Elgoibar"]
[Site "Elgoibar ESP"]
[Date "2013.12.18"]
[Round "5.1"]
[White "Paunovic, Dragan"]
[Black "Franco Alonso, Alejandro"]
[Result "1/2-1/2"]
[WhiteElo "2500"]
[BlackElo "2485"]
[PlyCount "29"]
[EventDate "2013.12.15"]
[EventType "tourn"]
[EventRounds "9"]
[EventCountry "ESP"]
[EventCategory "9"]
[Source "lmi"]
[SourceDate "2013.12.15"]

1. c4 e6 2. Nf3 d5 3. d4 Nf6 4. Nc3 Be7 5. Bg5 h6 6. Bxf6 Bxf6 7. e3 O-O 8. Be2
dxc4 9. O-O Nd7 10. Bxc4 c5 11. Ne4 cxd4 12. Nxf6+ Nxf6 13. Qxd4 Qxd4 14. exd4
Bd7 15. Rac1 1/2-1/2

[Event "23. Torneo Magistral de Elgoibar"]
[Site "Elgoibar ESP"]
[Date "2013.12.18"]
[Round "5.2"]
[White "Alsina Leal, Daniel"]
[Black "Cruz, Cristhian"]
[Result "1/2-1/2"]
[WhiteElo "2542"]
[BlackElo "2549"]
[PlyCount "33"]
[EventDate "2013.12.15"]
[EventType "tourn"]
[EventRounds "9"]
[EventCountry "ESP"]
[EventCategory "9"]
[Source "lmi"]
[SourceDate "2013.12.15"]

1. e4 e5 2. Nf3 Nc6 3. Bb5 Nge7 4. Nc3 g6 5. d4 exd4 6. Nd5 Bg7 7. Bg5 h6 8.
Bf6 Bxf6 9. Nxf6+ Kf8 10. O-O a6 11. Bc4 Kg7 12. Nd5 d6 13. Nxd4 Nxd5 14. Bxd5
Nxd4 15. Qxd4+ Qf6 16. Qxf6+ Kxf6 17. Rad1 1/2-1/2

[Event "23. Torneo Magistral de Elgoibar"]
[Site "Elgoibar ESP"]
[Date "2013.12.18"]
[Round "5.4"]
[White "Romanishin, Oleg M"]
[Black "Barrenechea Bahamonde, Gustavo"]
[Result "1-0"]
[WhiteElo "2495"]
[BlackElo "2221"]
[PlyCount "49"]
[EventDate "2013.12.15"]
[EventType "tourn"]
[EventRounds "9"]
[EventCountry "ESP"]
[EventCategory "9"]
[Source "lmi"]
[SourceDate "2013.12.15"]

1. d4 d5 2. Nf3 c5 3. c4 e6 4. Bg5 f6 5. Bc1 cxd4 6. cxd5 Qxd5 7. Qxd4 Qxd4 8.
Nxd4 a6 9. Nc3 e5 10. Nb3 Be6 11. g3 Bb4 12. Bg2 Nc6 13. O-O Nge7 14. Be3 Nf5
15. Bc5 Bxb3 16. Bxb4 Be6 17. Bc5 O-O-O 18. e3 Rd2 19. Ba3 Nd6 20. Rfc1 Kc7 21.
Na4 Nc4 22. Bxc6 bxc6 23. Bb4 Rdd8 24. b3 Rb8 25. Nc5 1-0

[Event "23. Torneo Magistral de Elgoibar"]
[Site "Elgoibar ESP"]
[Date "2013.12.18"]
[Round "6.1"]
[White "Franco Alonso, Alejandro"]
[Black "Ringoir, Tanguy"]
[Result "0-1"]
[WhiteElo "2485"]
[BlackElo "2506"]
[PlyCount "99"]
[EventDate "2013.12.15"]
[EventType "tourn"]
[EventRounds "9"]
[EventCountry "ESP"]
[EventCategory "9"]
[Source "lmi"]
[SourceDate "2013.12.15"]

1. d4 d5 2. c4 c6 3. cxd5 cxd5 4. Nc3 Nf6 5. Bf4 Nc6 6. e3 a6 7. Bd3 Bg4 8.
Nge2 e6 9. O-O Be7 10. Rc1 O-O 11. Na4 Re8 12. Qb3 Na5 13. Qb6 Nd7 14. Qxd8
Bxd8 15. Ng3 e5 16. dxe5 g5 17. Nf5 gxf4 18. Nh6+ Kg7 19. Nxg4 h5 20. Nf6 Nxf6
21. exf6+ Bxf6 22. exf4 b5 23. Nc3 Rad8 24. Nd1 Nc4 25. Rc2 d4 26. g3 Nb6 27.
Kg2 Rc8 28. Rxc8 Rxc8 29. h3 Na4 30. g4 hxg4 31. hxg4 Rc1 32. g5 Bd8 33. Kf3
Nc5 34. Ke2 Ne6 35. Kd2 Ra1 36. a3 Nxf4 37. Kc2 Bxg5 38. Ne3 Rxf1 39. Nxf1 Kf6
40. Be4 Ke5 41. Bb7 a5 42. Nh2 Kd6 43. Nf3 Bf6 44. b3 Kc5 45. Ne1 Kb6 46. Bf3
Be7 47. a4 Bb4 48. Nd3 Nxd3 49. Kxd3 bxa4 50. bxa4 0-1

[Event "23. Torneo Magistral de Elgoibar"]
[Site "Elgoibar ESP"]
[Date "2013.12.18"]
[Round "6.2"]
[White "Barrenechea Bahamonde, Gustavo"]
[Black "Strikovic, Aleksa"]
[Result "0-1"]
[WhiteElo "2221"]
[BlackElo "2529"]
[PlyCount "72"]
[EventDate "2013.12.15"]
[EventType "tourn"]
[EventRounds "9"]
[EventCountry "ESP"]
[EventCategory "9"]
[Source "lmi"]
[SourceDate "2013.12.15"]

1. e4 c5 2. Nf3 e6 3. c3 Nf6 4. e5 Nd5 5. d4 cxd4 6. cxd4 b6 7. Nc3 Nxc3 8.
bxc3 Qc7 9. Bd2 Bb7 10. Bd3 d6 11. O-O Nd7 12. Ng5 dxe5 13. Qh5 g6 14. Qh3 Be7
15. Rae1 Bd5 16. f4 exd4 17. cxd4 Qd6 18. f5 exf5 19. Nxh7 Be6 20. Bb5 Qd5 21.
Bc3 Qxb5 22. d5 Rxh7 23. Qxh7 Qxd5 24. Qh8+ Bf8 25. Rd1 Qc6 26. Bb4 O-O-O 27.
Bxf8 Rxf8 28. Qg7 Rd8 29. a4 a5 30. Qd4 Qc7 31. Rb1 Nc5 32. Qb2 Kb7 33. Qb5 Ka7
34. Rfc1 Rd2 35. Rb2 Qd6 36. h3 Qd4+ 0-1

[Event "23. Torneo Magistral de Elgoibar"]
[Site "Elgoibar ESP"]
[Date "2013.12.18"]
[Round "6.3"]
[White "Arribas Lopez, Angel"]
[Black "Romanishin, Oleg M"]
[Result "1-0"]
[WhiteElo "2488"]
[BlackElo "2495"]
[PlyCount "103"]
[EventDate "2013.12.15"]
[EventType "tourn"]
[EventRounds "9"]
[EventCountry "ESP"]
[EventCategory "9"]
[Source "lmi"]
[SourceDate "2013.12.15"]

1. e4 e5 2. Nf3 Nc6 3. Bb5 a6 4. Ba4 Nf6 5. O-O Be7 6. Re1 d6 7. c3 Bg4 8. d3
Nd7 9. h3 Bxf3 10. Qxf3 O-O 11. Qg4 Nc5 12. Bxc6 bxc6 13. d4 Nd7 14. Nd2 Bf6
15. Nf3 Re8 16. h4 d5 17. Bg5 Bxg5 18. hxg5 exd4 19. cxd4 Nf8 20. Rac1 dxe4 21.
Rxe4 Qd5 22. Ne5 Ng6 23. Qe2 Nxe5 24. Rxe5 Rxe5 25. Qxe5 Qxa2 26. Rxc6 Qb1+ 27.
Kh2 Qxb2 28. Rxa6 Rf8 29. f3 g6 30. Ra7 c6 31. Rc7 Qb5 32. Kg3 Qb6 33. Kh3 Rd8
34. Qe7 Rf8 35. Qd6 Qa5 36. Qe5 Qb6 37. Kh2 Qb5 38. f4 Qc4 39. Qf6 Qe2 40. Qxc6
Qf2 41. Qe4 Rd8 42. Rc4 h6 43. gxh6 Kh7 44. Qe5 Qh4+ 45. Kg1 Qxh6 46. Qf6 Rf8
47. Rc3 Qg7 48. Qd6 Kg8 49. f5 Qh6 50. Rh3 Qc1+ 51. Kh2 Qc8 52. fxg6 1-0